000 00233nam a2200097Ia 4500
008 230915s9999 xx 000 0 und d
050 _aKD 1554 .B87 2013
100 _aBURROWS ANDREW
245 2 _aA CASEBOOK ON CONTRACT
942 _cBK
999 _c162577
_d162577